Puzzle - Pays d'Europe - Statistiques

Statistiques générales
  • Ce quiz a été pris 295 fois
  • Le résultat moyen est 17 sur 21
Statistiques - réponses
Hint Réponse % Correct
rfenac france
99%
regce grece
98%
ueisse suisse
97%
vookos kosovo
96%
bgulexmgou luxembourg
94%
latiei italie
92%
ienbos bosnie
87%
ntivaca vatican
87%
aakednmr danemark
84%
tceieelihnnst liechtenstein
83%
nafdelin finlande
82%
glbuaeir bulgarie
81%
nbaliae albanie
79%
damecinoe macedoine
76%
tnmooenrge montenegro
75%
itraeuhc autriche
71%
tcaorei croatie
68%
gihnore hongrie
68%
dviomlae moldavie
68%
gvreone norvege
68%
aneruki ukraine
61%
Aucun quiz correspondant
Distribution des résultats
% des personnes avec chaque résultat
Percentile par nombre de réponses
Votre historique - résultats
Vous n’avez pas pris ce quiz